000 00389nam a2200169Ia 4500
008 230524s9999 xx 000 0 und d
082 _a621.382
_bSUD
100 _aA.Sudhakar
245 0 _aNetwork Analysis
250 _a1ST
260 _aNEW DELHI
_bTMH
_c2003
300 _aXIII;1266
500 _aQuantity Number: 2
650 _aElectrical
700 _a S.S.Palli
942 _cBK
999 _c33215
_d33215